Riders in the sky (Record no. 117953)

MARC details
000 -LEADER
fixed length control field 01256cam a2200229 4500
001 - CONTROL NUMBER
control field ABS68176
008 - FIXED-LENGTH DATA ELEMENTS--GENERAL INFORMATION
fixed length control field 040903n2004 000 0 eng u
035 ## - SYSTEM CONTROL NUMBER
System control number (Sirsi) u127261
100 ## - MAIN ENTRY--PERSONAL NAME
Personal name Lane, T.
245 ## - TITLE STATEMENT
Title Riders in the sky
260 ## - PUBLICATION, DISTRIBUTION, ETC.
Date of publication, distribution, etc. 2004
490 ## - SERIES STATEMENT
Series statement Building
Volume/sequential designation 269(8346) 27 August 2004 50-52(3)
520 ## - SUMMARY, ETC.
Summary, etc. Describes an innovative new idea where prefabricated elevated carriageways could be built above London exclusively for the use of cyclists. A 5.7 metre high expressway could run down the middle of dual carriageways supported on a single row of columns and on single lanes; this column could be placed on the edge of the pavement and the cycleway cantilevered over the road. Notes that the scheme would have to be built rapidly if it is going to be feasible as long road closures are not cost effective as the Highways Agency charges a bill calculated cost by the length of time that the road is closed. Planning permission could be a problem as it is unlikely that the routes would be allowed to run through central London.
590 ## - LOCAL NOTE (RLIN)
Local note ABS
590 ## - LOCAL NOTE (RLIN)
Local note ABS
650 ## - SUBJECT ADDED ENTRY--TOPICAL TERM
Topical term or geographic name entry element LONDON
650 ## - SUBJECT ADDED ENTRY--TOPICAL TERM
Topical term or geographic name entry element CYCLING
650 ## - SUBJECT ADDED ENTRY--TOPICAL TERM
Topical term or geographic name entry element PREFABRICATION
650 ## - SUBJECT ADDED ENTRY--TOPICAL TERM
Topical term or geographic name entry element TRANSPORT COSTS
690 ## - LOCAL SUBJECT ADDED ENTRY--TOPICAL TERM (OCLC, RLIN)
Topical term or geographic name as entry element TRANSPORT AND COMMUNICATIONS
942 ## - ADDED ENTRY ELEMENTS (KOHA)
Suppress in OPAC 0
Holdings
Withdrawn status Lost status Source of classification or shelving scheme Damaged status Not for loan Home library Current library Shelving location Date acquired Total Checkouts Full call number Barcode Date last seen Copy number Price effective from Koha item type
    Dewey Decimal Classification     London London Journal article 03/09/2004   ABS68176 127261-1001 06/08/2019 1 06/08/2019 Journal article